LDR 01016naa#a2200181#i#450# 001 RU\INFRA-M\bibl\104330 005 20260428032722.2 011 ## _a2500-0543 100 ## _a20251031b2025####ek#y0rusy0150####ca 102 ## _aRU 200 1# _aОСОБЕННОСТИ ПОДГОТОВКИ И РАБОТЫ ОРГАНОВ ГОСУДАРСТВЕННОГО И ВОЕННОГО УПРАВЛЕНИЯ В ИНТЕРЕСАХ ВОЕННО-ГРАЖДАНСКОГО ВЗАИМОДЕЙСТВИЯ В УСЛОВИЯХ СПЕЦИАЛЬНОЙ ВОЕННОЙ ОПЕРАЦИИ _eЖурнальная статья 210 1# _aМосква _cОбщество с ограниченной ответственностью «Научно-издательский центр ИНФРА-М» _d2025 215 ## _a13 с. 608 ## _aЖурнальная статья _2local 675 ## _aПсихология. 159.9 _z 700 #1 _aБелова _gМария Сергеевна 700 #1 _aВдовенко _gГеннадий Викторович 856 4# _anaukaru.ru _u